00496nam a22001577a 4500008004100000020001500041050002500056100002100081245006100102260003800163300001700201650004100218650003700259700002000296700002200316220207b |||||||| |||| 00| 0 eng d a1111544867 aHD9000.5b.V36 2014  aVan Fleet, David aAgribusiness bprinciples of managementcDavid Van Fleet aAustraliabCengage learningc2014 axviii, 556p. aAgricultural industriesvmanagement  aAgricultural industriesvfinance aVan fleet, Ella aSeperich, George